|
|
|
|
| LEADER |
00000nam a2200000 a 4500 |
| 001 |
UCN1288 |
| 003 |
CL-VaPUC |
| 008 |
010420e19380000FR |||||||||||||||||fre|d |
| 082 |
0 |
4 |
|a 780.92
|b JAN
|2 21
|
| 100 |
|
|
|a Jankélévitch, Vladimir
|e author
|9 457878
|
| 245 |
1 |
0 |
|a Gabriel Fauré et ses mélodies
|
| 300 |
|
|
|a 250 p
|
| 942 |
|
|
|c BK
|
| 945 |
|
|
|d 20010420 00:00:00
|a crobeson
|
| 260 |
|
|
|a París
|b Plon
|c 1938
|
| 600 |
|
0 |
|a Fauré, Gabriel Urbain
|9 306664
|
| 650 |
|
0 |
|a Compositores franceses
|9 328980
|
| 650 |
|
0 |
|a Músicos franceses
|9 441944
|
| 583 |
|
|
|a last modification
|c 20010420 00:00:00
|k Rodrigo Vera
|
| 999 |
|
|
|c 294863
|d 294861
|